Loading...
| Current Events | 4 | 17.50 | 75% | 75% | 25% |
| Fine Arts - Auditory | 8 | 17.50 | 100% | 75% | 0% |
| Fine Arts - Other | 5 | 16.00 | 100% | 20% | 40% |
| Fine Arts - Visual | 7 | 14.29 | 86% | 29% | 29% |
| Geography | 4 | 7.50 | 75% | 0% | 0% |
| History - American | 4 | 17.50 | 100% | 50% | 25% |
| History - Ancient | 1 | 10.00 | 100% | 0% | 0% |
| History - Ancient/Other | 3 | 20.00 | 100% | 100% | 0% |
| History - European | 7 | 12.86 | 100% | 29% | 0% |
| History - World | 6 | 18.33 | 100% | 67% | 17% |
| Literature - American | 5 | 20.00 | 100% | 80% | 20% |
| Literature - British | 6 | 15.00 | 100% | 50% | 0% |
| Literature - European | 5 | 44.00 | 220% | 220% | 0% |
| Literature - World | 4 | 22.50 | 100% | 100% | 25% |
| Mythology | 4 | 22.50 | 100% | 100% | 25% |
| Other Academic | 4 | 15.00 | 100% | 50% | 0% |
| Philosophy | 5 | 14.00 | 80% | 60% | 0% |
| Religion | 8 | 15.00 | 88% | 50% | 13% |
| Science - Biology | 5 | 24.00 | 100% | 100% | 40% |
| Science - Chemistry | 5 | 26.00 | 100% | 100% | 60% |
| Science - Other | 7 | 17.14 | 100% | 71% | 0% |
| Science - Physics | 6 | 23.33 | 100% | 83% | 50% |
| Social Science | 10 | 18.00 | 100% | 70% | 10% |